Návrh implementácie systému zásobovania výroby materiálom – Milk Run v podniku Freudenberg Filtration Technologies Slovensko, s. r. o.

Na minha lista:
Detalhes bibliográficos
Autor principal: Bachár, Milan, 1991- (Author)
Outros Autores: Beluský, Martin, 1987- (Thesis advisor)
Formato: Manuscrito Livro
Idioma:eslovaco
Publicado em: 2015
Assuntos:
Acesso em linha:http://is.stuba.sk/zp/portal_zp.pl?podrobnosti=109924
Tags: Adicionar Tag
Sem tags, seja o primeiro a adicionar uma tag!

MARC

LEADER 00000ntm a22000003a 4500
001 stuzp50177
003 SK-STU
005 20160719153459.6
007 ta
008 150427s2015----xo-----f-mn---000-0-slo-d
040 |a STU  |b slo 
041 0 |a slo 
100 1 |a Bachár, Milan,  |d 1991-  |u 064000  |4 aut  |U MTF Materiálovotechnologická fakulta  |T MTF Ústav priemyselného inžinierstva a manažmentu  |X 6696  |U M4000  |Y 84  |7 A000006696 
242 0 1 |a Proposal of Implementation for the System of Supply of Production Materials - Milk Run in the Freudenberg Filtration Slovakia, Ltd. Company  |y eng 
245 1 0 |a Návrh implementácie systému zásobovania výroby materiálom – Milk Run v podniku Freudenberg Filtration Technologies Slovensko, s. r. o. 
260 |c 2015 
650 4 |a Logistika  |2 slo 
650 4 |a Materiálový tok  |2 slo 
650 4 |a Štíhla výroba  |2 slo 
650 4 |a Milk Run  |2 slo 
650 4 |a Logistics  |2 eng 
650 4 |a Material flow  |2 eng 
650 4 |a Lean production  |2 eng 
650 4 |a Milk Run  |2 eng 
700 1 |a Beluský, Martin,  |d 1987-  |4 ths  |X 36930  |7 A000036930 
856 4 |u http://is.stuba.sk/zp/portal_zp.pl?podrobnosti=109924 
996 |c M* DP-12141  |l MMSKP  |s P  |a 0  |w stuzp50177_0001 
SQL |a stuzp50177  |b DDP  |c SLO  |d Návrh implementácie systému zásobovania výroby materiálom – Milk Run v podniku Freudenberg Filtration Technologies Slovensko, s. r. o.  |e 6696  |f Bachár, Milan  |g 064000  |h 36930  |i Beluský, Martin  |j 20150601  |k 189  |l 06  |m http://is.stuba.sk/zp/portal_zp.pl?podrobnosti=109924  |n I-PMA  |o 5.2.52. priemyselné inžinierstvo